Представление документа в формате MARC21

Поле Инд. ПП Название Значение
Тип записи a
Библиографический уровень m
001 _ Контрольный номер RU/URAIT/474361
005 _ Дата корректировки 20250915104108.4
008 Кодируемые данные 180802s2021 RU y f j 000 0 rus u
020 a ISBN 978-5-534-07939-5
c Цена, тираж 1069.00
040 a Служба первич. каталог. ИКО Юрайт
c Служба, преобразующая запись ИКО Юрайт
e Правила каталог. RCR
041 a Код языка текста rus
044 a Код страны публикации RU
080 a Индекс УДК 797.2(075.8)
084 2 Источник индекса rubbk
a Индекс другой классификации/Индекс ББК 75.717.5я73
100 1_ a Автор Афанасьев Владимир Захарович
q Полное имя Владимир Захарович
245 a Заглавие Плавание
b Продолж. заглавия Учебник для вузов
c Ответственность под общ. ред. Булгаковой Н.Ж.
250 a Основные сведения об издании 2-е изд.
256 a Характеристики компьютерного файла Электрон. дан.
260 a Место издания Москва
b Издательство Юрайт
c Дата издания 2021
300 a Объем 344 с
440 a Серия Высшее образование
500 a Примечание URL: https://urait.ru/bcode/474361 (дата обращения: 23.11.2021).
520 a Аннотация В предлагаемом учебнике раскрывается специфическая особенность плавания как вида спорта и физических упражнений, связанных с двигательной активностью в водной среде. Рассматривается его гигиеническая, лечебно-оздоровительная, прикладная и спортивная ценность. Описаны гидродинамические основы и учебная техника спортивных и прикладных способов плавания. Основной материал учебника посвящен организации и проведению массового обучения плаванию контингента различных возрастов; принципам разработки обучающих программ, комплектования учебных групп и выбора способа плавания; описанию средств и методов, применяемых при обучении плаванию. К каждой главе прилагаются список контрольных вопросов и заданий для самостоятельной проверки усвоения информации и рекомендуемая литература для возможности более глубокого изучения темы.
538 a Прим. о системных особенностях Режим доступа: Электронно-библиотечная система Юрайт, для авториз. пользователей
653 a Ключевые слова Физическая культура
653 a Ключевые слова Гуманитарные и общественные науки.
653 a Ключевые слова Плавание
653 a Ключевые слова Теория и методика избранного вида спорта
700 1_ a Другие авторы Булгакова Нина Жановна
q Полное имя Нина Жановна
700 1_ a Другие авторы Макаренко Леонид Прокофьевич
q Полное имя Леонид Прокофьевич
700 1_ a Другие авторы Морозов Сергей Николаевич
q Полное имя Сергей Николаевич
700 1_ a Другие авторы Попов Олег Игоревич
q Полное имя Олег Игоревич
700 1_ a Другие авторы Чеботарева Ирина Владимировна
q Полное имя Ирина Владимировна
856 40 u URL https://urait.ru/bcode/474361
x Примечание для ЭОР https://urait.ru/book/cover/CEB3B71E-FA92-444E-9496-92C75EBDDCFE
z Примечание для пользователя Участвует в КО
856 41 u URL https://urait.ru/book/cover/CEB3B71E-FA92-444E-9496-92C75EBDDCFE